Declaration and plan of action : U.S. - Vietnam dialogue group on agent orange/Dioxin 2010-2019
On June 16th, 2010, members of The U.S.-Vietnam Dialogue Group on Agent Orange/Dioxin unveiled a comprehensive 10-year Plan of Action to address the toxic legacy of Agent Orange and other herbicides in Vietnam. The group called upon the U.S. and Vietnamese governments to join with other governments,...
Kaydedildi:
| Müşterek Yazar: | |
|---|---|
| Materyal Türü: | Kitap |
| Dil: | Undetermined |
| Baskı/Yayın Bilgisi: |
Washington DC
The Aspen Institute
2010
|
| Konular: | |
| Etiketler: |
Etiketle
Etiket eklenmemiş, İlk siz ekleyin!
|
| Thư viện lưu trữ: | Trung tâm Học liệu Trường Đại học Cần Thơ |
|---|
| LEADER | 01209nam a2200205Ia 4500 | ||
|---|---|---|---|
| 001 | CTU_166435 | ||
| 008 | 210402s9999 xx 000 0 und d | ||
| 082 | |a 363.1791 | ||
| 082 | |b A224 | ||
| 110 | |a Addressing the legacy of agent orange in Vietnam | ||
| 245 | 0 | |a Declaration and plan of action : | |
| 245 | 0 | |b U.S. - Vietnam dialogue group on agent orange/Dioxin 2010-2019 | |
| 245 | 0 | |c Addressing the legacy of agent orange in Vietnam | |
| 260 | |a Washington DC | ||
| 260 | |b The Aspen Institute | ||
| 260 | |c 2010 | ||
| 520 | |a On June 16th, 2010, members of The U.S.-Vietnam Dialogue Group on Agent Orange/Dioxin unveiled a comprehensive 10-year Plan of Action to address the toxic legacy of Agent Orange and other herbicides in Vietnam. The group called upon the U.S. and Vietnamese governments to join with other governments, foundations, businesses, and nonprofits in a partnership to clean up dioxin “hot spots” in Vietnam, and to expand humanitarian services for people with disabilities in that country. | ||
| 650 | |a Dioxins,Agent orange,Herbicides,Thuốc diệt cỏ,Chất độc da cam | ||
| 904 | |i Trọng Hiếu | ||
| 980 | |a Trung tâm Học liệu Trường Đại học Cần Thơ | ||